Science Quiz

Random Science or Chemistry Quiz

Amino Acid 3 Letter Codes Quiz Stats

 Plays Quiz Updated Sep 1, 2018

Challenge
Share
Tweet
Embed
Score 0/20 Timer 04:00
2 Plays Today
3-Letter Name Amino Acid % Correct
LysLysine
96%
AlaAlanine
95.7%
GlyGlycine
95.2%
LeuLeucine
95.1%
ValValine
94.9%
SerSerine
94.6%
TyrTyrosine
93.5%
ProProline
93.4%
TrpTryptophan
92.7%
ArgArginine
92%
3-Letter Name Amino Acid % Correct
CysCysteine
91.7%
MetMethionine
91.6%
GluGlutamate
91.4%
PhePhenylalanine
91.2%
IleIsoleucine
90.9%
HisHistidine
90.1%
ThrThreonine
89.8%
AspAspartate
88.9%
GlnGlutamine
88.1%
AsnAsparagine
85.6%

You're not logged in!

Compare scores with friends on all Sporcle quizzes.
OR
Log In

You Might Also Like...

Show Comments

Extras

Top Quizzes Today


Score Distribution

Your Account Isn't Verified!

In order to create a playlist on Sporcle, you need to verify the email address you used during registration. Go to your Sporcle Settings to finish the process.

Report this User

Report this user for behavior that violates our Community Guidelines.

Details: